Wymień jak najwięcej *polskich* raperów: - Statystyki

Ogólne statystyki
  • Ten quiz został rozwiązany 325 razy
  • Średni wynik to 26 z 94
Statystyki odpowiedzi
Wytwórnia Odpowiedź % Poprawnych
2115 Bedoes 2115
85%
2115 White 2115
83%
GUGU Szpaku
81%
Baila Ella records Young Leosia
75%
SBM label Mata
73%
SBM label Białas
72%
2020 Oki
68%
Internaziomale Żabson
68%
Baila Ella records Bambi
67%
2115 Blacha 2115
62%
GM2LTV Malik Montana
62%
SBM label Solar
59%
2020 Taco Hemingway
59%
Def Jam Recordings Poland Young IGI
59%
GUGU Chivas
54%
2020 Otsochodzi
54%
spacerange ReTo
54%
2115 Kuqe 2115
53%
YFL Young Multi
51%
BORCREW Paluch
49%
SBM label (odszedł) Jan - Rapowanie
45%
Slums Attack Peja
45%
TEDEWIZJA TEDE
45%
GM2LTV Alberto
41%
spacerange Kizo
39%
Brain Dead Familia Słoń
39%
SBM label (odszedł) Beteo
38%
que quality Filipek
38%
SBM label Kinny Zimmer
37%
SBM label Lanek
37%
new bad label Borixon
36%
Def Jam Recordings Poland Sobel
35%
GM2LTV Diho
33%
SBM label FukaJ
33%
DOPEHOUSE records Gibbs
33%
GM2LTV Josef Bratan
32%
PIĘKNY SYF Kukon
32%
spacerange Qry
31%
SBM label Adi Nowak
29%
2115 Flexxy 2115
28%
Takie Rzeczy Label KęKę
27%
Universal Music Polska Zeamsone
26%
GUGU 27.FUCKDEMONS
24%
que quality Kabe
24%
Narkopop Kaz Bałagane
24%
SBM label Janusz Walczuk
23%
Prosto TV Sokół
23%
ZIOMALEO Waima
23%
Dobzi ludzie Kuban
22%
SBM label Nypel
22%
moya label Avi
21%
SBM label Kacperczyk
20%
OU7SIDE Kartky
19%
Warner Music Group Smolasty
18%
que quality Miszel
17%
asfalt records O.S.T.R
17%
spacerange Zetha
17%
2020 Dziarma
16%
Warner Music Poland PlanBe
15%
2020 Schafter
14%
SBM Label TomB
14%
Warner Music Group Oliwka Brazil
13%
2020 CatchUp
11%
que quality Wac Toja
11%
GM2LTV Kronkel Dom
10%
??? Mr. Polska
9%
SBM label Szaran
9%
??? Asster
8%
2020 Dwa Sławy
8%
que quality Floral Bugs
7%
2020 Gruby Mielzky
7%
GM2LTV Kazior
7%
Def Jam Recordings Poland Rusina
6%
Sony Music Entertainment Poland Szczyl
6%
Szpadyzor Records donGURAlesko
5%
SBM label Po Prostu Kajtek
5%
??? Wyguś
5%
SBM label Bryan
4%
2020 Hałastra
4%
Ghetto Music Kacper HTA
4%
nie chce mi się szukać Hodak
3%
DOPEHOUSE records Inee
3%
2020 Łajzol
3%
dobrzewiesz Łona
3%
??? Koldi
2%
que quality Kosa
2%
??? Slowez
2%
??? Szczepan
2%
??? Tadeo
2%
??? Mario
1%
??? Palar
1%
2020 Pers
1%
??? BeMelo
0%
??? WoLa
0%
Nie znaleziono quizów pasujących do podanych kryteriów
Rozkład punktacji
Procent ludzi z każdym wynikiem
Percentyl według liczby udzielonych odpowiedzi
Twoja historia wyników
Nie rozwiązałeś tego quizu